[Event "GBR-ch110 Major Open"]
[Site "Hull"]
[Date "2024.07.29"]
[Round "3.9"]
[White "Pelling, Kyle"]
[Black "Honey, Luke"]
[Result "1/2-1/2"]
[WhiteElo "1911"]
[BlackElo "2041"]
[PlyCount "102"]
[EventDate "2024.07.27"]
[EventType "swiss"]
[EventRounds "9"]
[EventCountry "GBR"]
[SourceTitle "BritBase"]
[Source "John Saunders"]
[SourceDate "2025.02.20"]
[SourceVersion "1"]
[SourceVersionDate "2025.02.20"]
[SourceQuality "1"]

1. e4 c6 2. d4 d5 3. e5 c5 4. dxc5 e6 5. a3 Nc6 6. Nf3 Bxc5 7. b4 Bb6 8. Bb2 Nge7 9. Bd3 Ng6 10. h4 Bc7 11. Qe2 Nf4 12. Qd2 Nxd3+ 13. Qxd3 Bd7 14. Nbd2 Ne7 15. Nb3 a6 16. Nbd4 Rc8 17. h5 Bb6 18. h6 g6 19. Rc1 Qc7 20. g4 Qc4 21. Qd2 Qa2 22. c3 Nc6 23. O-O Qc4 24. Qf4 Bd8 25. Ng5 O-O 26. Qe3 Be7 27. f4 Nxd4 28. cxd4 Qa2 29. Qd2 Bb5 30. Rxc8 Rxc8 31. Rc1 Rc4 32. Nf3 Qb3 33. Rxc4 Bxc4 34. Kf2 Bd8 35. Bc1 Bb6 36. f5 Bd8 37. fxe6 fxe6 38. Ng5 Qd3 39. Qxd3 Bxd3 40. Nxe6 Bh4+ 41. Kf3 Be7 42. Kf4 Be4 43. Bd2 Kf7 44. Ng7 g5+ 45. Kg3 Kg6 46. Ne8 Kf7 47. Ng7 Kg6 48. Ne8 Kf7 49. Ng7 Kg6 50. Ne8 Kxh6 51. Nd6 Kg6 1/2-1/2

[Event "GBR-ch110 Major Open"]
[Site "Hull"]
[Date "2024.07.29"]
[Round "3.10"]
[White "Cheng, Louis"]
[Black "Pert, Max P"]
[Result "1/2-1/2"]
[WhiteElo "1876"]
[BlackElo "2034"]
[PlyCount "73"]
[EventDate "2024.07.27"]
[EventType "swiss"]
[EventRounds "9"]
[EventCountry "GBR"]
[SourceTitle "BritBase"]
[Source "John Saunders"]
[SourceDate "2025.02.20"]
[SourceVersion "1"]
[SourceVersionDate "2025.02.20"]
[SourceQuality "1"]

1. e4 c6 2. d4 d5 3. Nc3 dxe4 4. Nxe4 Nf6 5. Nxf6+ exf6 6. c3 Bf5 7. Nf3 Bd6 8. Bc4 O-O 9. O-O Nd7 10. Re1 h6 11. Nh4 Bh7 12. Qg4 Kh8 13. Nf5 Bxf5 14. Qxf5 Re8 15. Bd2 Rxe1+ 16. Rxe1 Nf8 17. Re4 Qd7 18. Qh5 Nh7 19. Bxf7 Ng5 20. Bxg5 fxg5 21. Qg6 Rf8 22. Bc4 Rf6 23. Re8+ Bf8 24. Qe4 Rf4 25. Qe6 Qxe6 26. Bxe6 g6 27. Kf1 Rf6 28. Bb3 b6 29. Ke2 a5 30. a4 h5 31. Rb8 c5 32. dxc5 bxc5 33. Ra8 Kg7 34. Ra7+ Kh6 35. Rxa5 g4 36. Ra7 Rb6 37. Bc4 1/2-1/2

[Event "GBR-ch110 Major Open"]
[Site "Hull"]
[Date "2024.07.29"]
[Round "3.11"]
[White "Zhang, Junyi"]
[Black "Nicholas, Koichi B"]
[Result "0-1"]
[WhiteElo "1957"]
[BlackElo "2097"]
[PlyCount "44"]
[EventDate "2024.07.27"]
[EventType "swiss"]
[EventRounds "9"]
[EventCountry "GBR"]
[SourceTitle "BritBase"]
[Source "John Saunders"]
[SourceDate "2025.02.20"]
[SourceVersion "1"]
[SourceVersionDate "2025.02.20"]
[SourceQuality "1"]

1. e4 e5 2. Nf3 Nc6 3. Bc4 Nf6 4. Ng5 d5 5. exd5 Na5 6. Bb5+ c6 7. dxc6 bxc6 8. Bd3 Ng4 9. Ne4 f5 10. Be2 h5 11. h3 fxe4 12. hxg4 Bc5 13. d3 Qb6 14. Qd2 Bxf2+ 15. Kd1 h4 16. Qg5 O-O 17. Nc3 exd3 18. cxd3 Be6 19. Kc2 Rab8 20. Rh3 Bd5 21. Qg6 Rf6 22. Nxd5 Qc5+ 0-1

[Event "GBR-ch110 Major Open"]
[Site "Hull"]
[Date "2024.07.29"]
[Round "3.12"]
[White "Angst, Oliver"]
[Black "Howell, Oliver W"]
[Result "1/2-1/2"]
[WhiteElo "2068"]
[BlackElo "1910"]
[PlyCount "167"]
[EventDate "2024.07.27"]
[EventType "swiss"]
[EventRounds "9"]
[EventCountry "GBR"]
[SourceTitle "BritBase"]
[Source "John Saunders"]
[SourceDate "2025.02.20"]
[SourceVersion "1"]
[SourceVersionDate "2025.02.20"]
[SourceQuality "1"]

1. e4 e6 2. d4 d5 3. exd5 exd5 4. Bf4 Bd6 5. Qd2 Nf6 6. Nc3 c6 7. O-O-O Bxf4 8. Qxf4 O-O 9. Bd3 b5 10. Re1 b4 11. Na4 Qa5 12. b3 Ba6 13. Nf3 Bxd3 14. cxd3 Nbd7 15. Kb1 Qb5 16. Nb2 a5 17. Rc1 Rfe8 18. Rc2 Rac8 19. Rhc1 Nf8 20. Qf5 Ne6 21. h4 Nd7 22. Ng5 Nxg5 23. hxg5 Re6 24. Qh3 Rce8 25. f4 Nf8 26. f5 Re3 27. Qg4 Qb8 28. f6 Qg3 29. Qh5 Re1 30. fxg7 Kxg7 31. Qh6+ Kg8 32. Qxc6 Qxg5 33. g4 Rxc1+ 34. Rxc1 Re2 35. Rd1 Qxg4 36. Qc1 Rg2 37. Rd2 Rg1 38. Rd1 Rxd1 39. Nxd1 Qxd4 40. Qg5+ Ng6 41. Kc2 Kg7 42. Qd8 Qc5+ 43. Kb1 h5 44. Qg5 Qd4 45. Ne3 Qxd3+ 46. Kc1 Qc3+ 47. Kb1 Qe1+ 48. Kb2 Qf2+ 49. Kb1 Qe1+ 50. Kb2 Qe2+ 51. Kb1 Kg8 52. Nf5 Qe4+ 53. Kb2 Qe5+ 54. Kb1 h4 55. Qd8+ Kh7 56. Qg5 d4 57. Qh6+ Kg8 58. Qg5 d3 59. Qd8+ Kh7 60. Qxd3 Qe1+ 61. Kb2 Qc3+ 62. Qxc3 bxc3+ 63. Kxc3 h3 64. Kd2 Nh4 65. Ng3 Kg6 66. Ke2 f5 67. Kf2 f4 68. Nh1 Kg5 69. a3 Kg4 70. b4 axb4 71. axb4 Nf5 72. Kg1 Nd4 73. Nf2+ Kh4 74. Kh2 Nf3+ 75. Kh1 Kg3 76. Ne4+ Kh4 77. b5 Nd4 78. b6 Nc6 79. Kh2 f3 80. Nf2 Na5 81. Nxh3 Kg4 82. Ng1 f2 83. Kg2 fxg1=Q+ 84. Kxg1 1/2-1/2

[Event "GBR-ch110 Major Open"]
[Site "Hull"]
[Date "2024.07.29"]
[Round "3.13"]
[White "Kueh, Audrey"]
[Black "Sefton, Adam"]
[Result "0-1"]
[WhiteElo "2058"]
[BlackElo "1908"]
[PlyCount "76"]
[EventDate "2024.07.27"]
[EventType "swiss"]
[EventRounds "9"]
[EventCountry "GBR"]
[SourceTitle "BritBase"]
[Source "John Saunders"]
[SourceDate "2025.02.20"]
[SourceVersion "1"]
[SourceVersionDate "2025.02.20"]
[SourceQuality "1"]

1. e4 e5 2. Nf3 Nc6 3. Bb5 Nf6 4. d3 Bc5 5. Nc3 h6 6. O-O d6 7. Na4 Bb6 8. Nxb6 axb6 9. d4 Bd7 10. Re1 O-O 11. dxe5 Nxe5 12. Bxd7 Nexd7 13. Nd4 Re8 14. f3 d5 15. exd5 Nxd5 16. c4 Nb4 17. Rxe8+ Qxe8 18. Nb5 Rd8 19. Bf4 Nf6 20. Qe1 Qxe1+ 21. Rxe1 c6 22. Nc3 Rd4 23. Be5 Rd2 24. Bxf6 gxf6 25. Re7 Rxb2 26. Rxb7 Nd3 27. g4 Ne5 28. f4 Nf3+ 29. Kf1 Nxh2+ 30. Ke1 Nxg4 31. c5 b5 32. a4 Rc2 33. Nxb5 cxb5 34. Rxb5 h5 35. a5 h4 36. a6 h3 37. c6 h2 38. Rh5 Rxc6 0-1

[Event "GBR-ch110 Major Open"]
[Site "Hull"]
[Date "2024.07.29"]
[Round "3.14"]
[White "Shaw, Peter"]
[Black "Sasikumar, Srivathsan"]
[Result "1-0"]
[WhiteElo "2041"]
[BlackElo "1900"]
[PlyCount "125"]
[EventDate "2024.07.27"]
[EventType "swiss"]
[EventRounds "9"]
[EventCountry "GBR"]
[SourceTitle "BritBase"]
[Source "John Saunders"]
[SourceDate "2025.02.20"]
[SourceVersion "1"]
[SourceVersionDate "2025.02.20"]
[SourceQuality "1"]

1. d4 Nf6 2. c4 e6 3. Nf3 b6 4. a3 Bb7 5. Nc3 d5 6. cxd5 exd5 7. Bg5 Be7 8. e3 Nbd7 9. Bd3 O-O 10. O-O c5 11. Rc1 Ne4 12. Bf4 Ndf6 13. Qe2 Nxc3 14. Rxc3 Ne4 15. Rcc1 Bd6 16. Bxd6 Qxd6 17. Rfd1 Qe6 18. dxc5 bxc5 19. Bxe4 dxe4 20. Nd2 Rac8 21. Nc4 Ba6 22. Qc2 Rfd8 23. Rxd8+ Rxd8 24. Rd1 Rxd1+ 25. Qxd1 h6 26. Nd2 Qd5 27. Qc2 Be2 28. Nxe4 Bd3 29. Nc3 Qf5 30. Qa4 a6 31. Qe8+ Kh7 32. f3 Qf6 33. Qd7 c4 34. Qd4 Qe7 35. Nd5 Qb7 36. Nb4 Bb1 37. Qxc4 a5 38. Nd3 Qd7 39. Nf4 Qd2 40. Qe2 Qc1+ 41. Kf2 Bc2 42. Nd3 Qb1 43. Ne1 Bg6 44. e4 Qc1 45. Nd3 Qc4 46. g4 f6 47. Nf4 Qd4+ 48. Kg2 Bf7 49. Nd5 h5 50. h3 Qe5 51. Ne3 h4 52. Nf5 g5 53. Qd2 Be6 54. Qd4 Qc7 55. Qc3 Qf4 56. Qxa5 Kg6 57. Qa7 Bd7 58. Qe3 Qe5 59. Qd4 Qf4 60. Qd6 Qc1 61. Ne7+ Kh6 62. Qxf6+ Kh7 63. Qg6+ 1-0

[Event "GBR-ch110 Major Open"]
[Site "Hull"]
[Date "2024.07.29"]
[Round "3.15"]
[White "Metcalfe, Charlie P"]
[Black "Ashworth, Michael J"]
[Result "1/2-1/2"]
[WhiteElo "1898"]
[BlackElo "2013"]
[PlyCount "110"]
[EventDate "2024.07.27"]
[EventType "swiss"]
[EventRounds "9"]
[EventCountry "GBR"]
[SourceTitle "BritBase"]
[Source "John Saunders"]
[SourceDate "2025.02.20"]
[SourceVersion "1"]
[SourceVersionDate "2025.02.20"]
[SourceQuality "1"]

1. d4 Nf6 2. c4 e6 3. Nc3 Bb4 4. e3 O-O 5. Nf3 d5 6. Bd2 c5 7. a3 Bxc3 8. Bxc3 cxd4 9. exd4 Nbd7 10. c5 Ne4 11. Qc2 e5 12. Bb5 exd4 13. Nxd4 Nxc3 14. Qxc3 Qe7+ 15. Be2 Nxc5 16. O-O Ne4 17. Qa5 Qe5 18. Rfd1 Be6 19. Bf3 Nd6 20. b3 Rfc8 21. Qb4 a5 22. Qa4 Rc7 23. Re1 Qf6 24. Ne2 Nf5 25. Rad1 Ne7 26. Qf4 Rd7 27. Qxf6 gxf6 28. Nf4 Ra6 29. Nh5 Bf5 30. Bxd5 Rad6 31. Bf3 Kf8 32. Rxd6 Rxd6 33. Bxb7 Bg4 34. Bf3 Bxf3 35. gxf3 Nf5 36. Re4 Rd3 37. b4 Rxa3 38. Rf4 Ng7 39. Nxf6 Ra4 40. Nxh7+ Kg8 41. Nf6+ Kf8 42. Nd5 Ne6 43. Rg4 axb4 44. Kg2 Ra5 45. Nxb4 Rg5 46. Kg3 Kg7 47. h4 Rg6 48. h5 Rg5 49. f4 Rxg4+ 50. Kxg4 Kh6 51. Kf5 Ng7+ 52. Kf6 Nxh5+ 53. Kxf7 Nxf4 54. Kf6 Nh3 55. f3 Ng1 1/2-1/2

[Event "GBR-ch110 Major Open"]
[Site "Hull"]
[Date "2024.07.29"]
[Round "3.16"]
[White "McCarthy, Damian M"]
[Black "Chris Biju, Calvin"]
[Result "1-0"]
[WhiteElo "1880"]
[BlackElo "2008"]
[PlyCount "47"]
[EventDate "2024.07.27"]
[EventType "swiss"]
[EventRounds "9"]
[EventCountry "GBR"]
[SourceTitle "BritBase"]
[Source "John Saunders"]
[SourceDate "2025.02.20"]
[SourceVersion "1"]
[SourceVersionDate "2025.02.20"]
[SourceQuality "1"]

1. e4 e6 2. d4 d5 3. Nc3 Nf6 4. Bg5 Be7 5. e5 Nfd7 6. Bxe7 Qxe7 7. f4 a6 8. Nf3 c5 9. Qd2 Nc6 10. dxc5 Nxc5 11. O-O-O b5 12. Bd3 b4 13. Ne2 a5 14. Kb1 Ba6 15. Ned4 Nxd4 16. Nxd4 Qb7 17. Rhe1 a4 18. f5 b3 19. Bxa6 Rxa6 20. cxb3 axb3 21. a3 Ne4 22. Rxe4 dxe4 23. Nxe6 Qc8 24. Rc1 1-0

[Event "GBR-ch110 Major Open"]
[Site "Hull"]
[Date "2024.07.29"]
[Round "3.17"]
[White "Vashisht-Pigem, Raman"]
[Black "Vaidyanathan, Adithya"]
[Result "1/2-1/2"]
[WhiteElo "1863"]
[BlackElo "1985"]
[PlyCount "105"]
[EventDate "2024.07.27"]
[EventType "swiss"]
[EventRounds "9"]
[EventCountry "GBR"]
[SourceTitle "BritBase"]
[Source "John Saunders"]
[SourceDate "2025.02.20"]
[SourceVersion "1"]
[SourceVersionDate "2025.02.20"]
[SourceQuality "1"]

1. e4 c5 2. Nf3 Nc6 3. Bb5 g6 4. O-O Bg7 5. Re1 Nf6 6. e5 Nd5 7. Nc3 Nc7 8. Bxc6 dxc6 9. Ne4 Ne6 10. d3 h6 11. Be3 b6 12. Qd2 Nd4 13. Nxd4 cxd4 14. Bf4 Be6 15. h4 c5 16. Rad1 Qd5 17. c4 dxc3 18. Nxc3 Qb7 19. d4 Rd8 20. Qe3 cxd4 21. Rxd4 Rxd4 22. Qxd4 O-O 23. Rd1 Rc8 24. Qe3 Kh7 25. Rd4 b5 26. a3 a5 27. h5 g5 28. Qd3+ Kg8 29. Rd8+ Rxd8 30. Qxd8+ Bf8 31. Be3 b4 32. axb4 axb4 33. Na4 Qe4 34. Qd4 Qxd4 35. Bxd4 Bg4 36. Bc5 b3 37. f3 Bxh5 38. Kf2 f5 39. exf6 exf6 40. Bxf8 Kxf8 41. Nc5 Bf7 42. Ke3 h5 43. f4 Bd5 44. fxg5 fxg5 45. g3 Ke7 46. Kd4 Kd6 47. Nd3 h4 48. gxh4 gxh4 49. Nf4 Be6 50. Kc3 Bf5 51. Kxb3 Ke5 52. Ne2 h3 53. Ng1 1/2-1/2

[Event "GBR-ch110 Major Open"]
[Site "Hull"]
[Date "2024.07.29"]
[Round "3.18"]
[White "Garnett, John S"]
[Black "Roberts, David L"]
[Result "0-1"]
[WhiteElo "1879"]
[BlackElo "1963"]
[PlyCount "96"]
[EventDate "2024.07.27"]
[EventType "swiss"]
[EventRounds "9"]
[EventCountry "GBR"]
[SourceTitle "BritBase"]
[Source "John Saunders"]
[SourceDate "2025.02.20"]
[SourceVersion "1"]
[SourceVersionDate "2025.02.20"]
[SourceQuality "1"]

1. d4 Nf6 2. Bg5 b6 3. Nd2 Bb7 4. Ngf3 c5 5. e3 e6 6. c3 Be7 7. Bd3 cxd4 8. exd4 Nd5 9. Bxe7 Qxe7 10. O-O O-O 11. Qc2 h6 12. Rfe1 d6 13. Be4 Nf6 14. Bxb7 Qxb7 15. Ne4 Nxe4 16. Qxe4 Qxe4 17. Rxe4 Nd7 18. Rd1 Rfc8 19. Re3 b5 20. Ne1 Nb6 21. f4 g6 22. g4 Nd5 23. Rf3 f5 24. h3 a5 25. Nc2 b4 26. Ne3 Nf6 27. c4 Kf7 28. b3 a4 29. d5 axb3 30. dxe6+ Kxe6 31. axb3 Ne4 32. Nd5 Ra3 33. Nxb4 Rxc4 34. Nd5 Rc2 35. Nb4 Rb2 36. Nc6 Raa2 37. Re3 Rg2+ 38. Kh1 Kf7 39. Rxe4 fxe4 40. Rxd6 Rh2+ 41. Kg1 Rag2+ 42. Kf1 e3 43. Rd7+ Ke6 44. Re7+ Kd6 45. Rxe3 Kxc6 46. Re6+ Kd5 47. Rxg6 Rb2 48. Kg1 Rhc2 0-1

[Event "GBR-ch110 Major Open"]
[Site "Hull"]
[Date "2024.07.29"]
[Round "3.19"]
[White "Diniz Afonso, Davi"]
[Black "Patel, Zain"]
[Result "1-0"]
[WhiteElo "1840"]
[BlackElo "1958"]
[PlyCount "85"]
[EventDate "2024.07.27"]
[EventType "swiss"]
[EventRounds "9"]
[EventCountry "GBR"]
[SourceTitle "BritBase"]
[Source "John Saunders"]
[SourceDate "2025.02.20"]
[SourceVersion "1"]
[SourceVersionDate "2025.02.20"]
[SourceQuality "1"]

1. e4 e5 2. Nf3 Nc6 3. Nc3 Nf6 4. g3 Bc5 5. Bg2 d6 6. O-O O-O 7. d3 a5 8. h3 h6 9. Kh2 Be6 10. Nd2 a4 11. a3 d5 12. f4 exf4 13. gxf4 dxe4 14. dxe4 h5 15. Nf3 Bc4 16. Rh1 Nd4 17. e5 Ne4 18. Nxe4 Be2 19. Nxc5 Bxd1 20. Rxd1 Nxf3+ 21. Bxf3 Qh4 22. Be3 Rad8 23. Ne4 Rxd1 24. Rxd1 Rd8 25. Rg1 Qe7 26. Bxh5 Qe6 27. Ng5 Qf5 28. Bxf7+ Kh8 29. Rg4 Qxc2+ 30. Kg3 g6 31. Ne6 g5 32. Rxg5 Qh7 33. Rh5 Rd3 34. Rxh7+ Kxh7 35. Ng5+ Kg7 36. Kf3 Rd1 37. Ke4 Rb1 38. Bd4 c5 39. Bc3 b5 40. e6+ Kf8 41. Kf5 Rf1 42. Bf6 Re1 43. Nh7# 1-0

[Event "GBR-ch110 Major Open"]
[Site "Hull"]
[Date "2024.07.29"]
[Round "3.20"]
[White "Eames, Robert S"]
[Black "Vaddhireddy, Sai"]
[Result "1-0"]
[WhiteElo "2148"]
[BlackElo "1724"]
[PlyCount "53"]
[EventDate "2024.07.27"]
[EventType "swiss"]
[EventRounds "9"]
[EventCountry "GBR"]
[SourceTitle "BritBase"]
[Source "John Saunders"]
[SourceDate "2025.02.20"]
[SourceVersion "1"]
[SourceVersionDate "2025.02.20"]
[SourceQuality "1"]

1. e4 c6 2. d4 d5 3. f3 e6 4. Bd3 dxe4 5. fxe4 Qxd4 6. Nf3 Qb6 7. e5 Ne7 8. Nc3 Ng6 9. Qe2 Nd7 10. Bd2 Be7 11. O-O-O Qc7 12. Rde1 Nc5 13. h4 Nxd3+ 14. Qxd3 Nf8 15. Ne4 f6 16. Bc3 Bd7 17. Kb1 Qd8 18. h5 h6 19. Rhf1 Rg8 20. Nfd2 f5 21. Nd6+ Bxd6 22. exd6 Qg5 23. Rxf5 Qxg2 24. Nc4 O-O-O 25. Ra5 Kb8 26. Qd4 a6 27. Qb6 1-0

[Event "GBR-ch110 Major Open"]
[Site "Hull"]
[Date "2024.07.29"]
[Round "3.21"]
[White "Patton, Zachary"]
[Black "Angst, Robin"]
[Result "0-1"]
[WhiteElo "1871"]
[BlackElo "2249"]
[PlyCount "62"]
[EventDate "2024.07.27"]
[EventType "swiss"]
[EventRounds "9"]
[EventCountry "GBR"]
[SourceTitle "BritBase"]
[Source "John Saunders"]
[SourceDate "2025.02.20"]
[SourceVersion "1"]
[SourceVersionDate "2025.02.20"]
[SourceQuality "1"]

1. e4 e5 2. Nf3 d6 3. d4 exd4 4. Nxd4 Nf6 5. Nc3 Be7 6. Bf4 O-O 7. Qd2 Nc6 8. O-O-O Nxd4 9. Qxd4 a6 10. f3 b5 11. Qf2 b4 12. Ne2 a5 13. g4 a4 14. Ng3 Be6 15. Kb1 Nd7 16. Nf5 Bf6 17. g5 Be5 18. Bxe5 Nxe5 19. f4 Nd7 20. Nxg7 Kxg7 21. f5 Bxa2+ 22. Kxa2 b3+ 23. Ka1 Ne5 24. f6+ Kh8 25. Bh3 Qb8 26. Kb1 a3 27. Bf5 bxc2+ 28. Qxc2 axb2 29. Qxb2 Qa7 30. Kc1 Qe3+ 31. Kc2 Rfb8 0-1

[Event "GBR-ch110 Major Open"]
[Site "Hull"]
[Date "2024.07.29"]
[Round "3.22"]
[White "Nelson, Jonathan P"]
[Black "Rastogi, Nayan Keats"]
[Result "1/2-1/2"]
[WhiteElo "2143"]
[BlackElo "1859"]
[PlyCount "97"]
[EventDate "2024.07.27"]
[EventType "swiss"]
[EventRounds "9"]
[EventCountry "GBR"]
[SourceTitle "BritBase"]
[Source "John Saunders"]
[SourceDate "2025.02.20"]
[SourceVersion "1"]
[SourceVersionDate "2025.02.20"]
[SourceQuality "1"]

1. e4 c5 2. c3 Nf6 3. e5 Nd5 4. Nf3 d6 5. Bb5+ Bd7 6. Bc4 e6 7. d4 cxd4 8. Bxd5 exd5 9. O-O dxe5 10. Nxe5 Nc6 11. Nxc6 Bxc6 12. Qxd4 f6 13. Re1+ Kf7 14. Nd2 Bd6 15. Nf3 Re8 16. Rxe8 Qxe8 17. Bf4 Bxf4 18. Qxf4 Qb8 19. Qxb8 Rxb8 20. Re1 Re8 21. Rxe8 Bxe8 22. Nd4 Bd7 23. f3 Ke7 24. Kf2 Kd6 25. Ke3 Ke5 26. f4+ Kd6 27. b4 b6 28. Nf3 Bg4 29. Nd2 Bd7 30. Kd4 Kc6 31. Nf1 Kd6 32. Ne3 Be6 33. h3 b5 34. f5 Bf7 35. a3 Bg8 36. Nd1 Bf7 37. Nb2 g6 38. fxg6 Bxg6 39. a4 bxa4 40. Nxa4 Be8 41. Nb2 Bf7 42. Nd3 Be8 43. Nf4 Bf7 44. h4 Kc6 45. g3 Kd6 46. Ng2 h6 47. Ne3 Be6 48. Nc2 Bd7 49. Ne3 1/2-1/2

[Event "GBR-ch110 Major Open"]
[Site "Hull"]
[Date "2024.07.29"]
[Round "3.23"]
[White "Britton, Richard"]
[Black "Lee, Alexandre Km"]
[Result "1/2-1/2"]
[WhiteElo "2112"]
[BlackElo "1858"]
[PlyCount "53"]
[EventDate "2024.07.27"]
[EventType "swiss"]
[EventRounds "9"]
[EventCountry "GBR"]
[SourceTitle "BritBase"]
[Source "John Saunders"]
[SourceDate "2025.02.20"]
[SourceVersion "1"]
[SourceVersionDate "2025.02.20"]
[SourceQuality "1"]

1. Nf3 Nf6 2. b3 g6 3. Bb2 Bg7 4. e3 d6 5. d4 O-O 6. c4 c5 7. Be2 Nbd7 8. O-O b6 9. Nc3 Bb7 10. Qc2 a6 11. d5 e5 12. e4 Ne8 13. Bd3 Nc7 14. a4 a5 15. Rad1 Nf6 16. Ne2 Bc8 17. Ne1 Qe7 18. Qd2 Na6 19. Bb1 Nb4 20. f3 Bd7 21. g3 Rae8 22. Ng2 h5 23. Nc3 Bh3 24. Rf2 Kh7 25. Bc1 Ng8 26. Qe1 Bh6 27. Be3 1/2-1/2

[Event "GBR-ch110 Major Open"]
[Site "Hull"]
[Date "2024.07.29"]
[Round "3.24"]
[White "Harborne, Matthew J"]
[Black "Ashworth, Robert M"]
[Result "1-0"]
[WhiteElo "2103"]
[BlackElo "1845"]
[PlyCount "91"]
[EventDate "2024.07.27"]
[EventType "swiss"]
[EventRounds "9"]
[EventCountry "GBR"]
[SourceTitle "BritBase"]
[Source "John Saunders"]
[SourceDate "2025.02.20"]
[SourceVersion "1"]
[SourceVersionDate "2025.02.20"]
[SourceQuality "1"]

1. e4 e5 2. Nf3 Nc6 3. Bb5 a6 4. Ba4 Nf6 5. O-O b5 6. Bb3 Be7 7. Re1 O-O 8. a4 b4 9. a5 d6 10. d3 Be6 11. Nbd2 Bxb3 12. Nxb3 Qd7 13. Qe2 Rfe8 14. Nbd2 d5 15. Nf1 Bc5 16. Be3 Bxe3 17. Qxe3 d4 18. Qe2 Rab8 19. N3d2 Ne7 20. Nb3 Ng6 21. g3 Qc6 22. Nfd2 Nd7 23. Nc4 Nc5 24. Rec1 Nxb3 25. cxb3 Qe6 26. Nd2 Re7 27. Rc5 c6 28. Rac1 Rc7 29. Qd1 Rbc8 30. Nc4 f5 31. exf5 Qxf5 32. Nd6 Qe6 33. Nxc8 Rxc8 34. Qc2 Ne7 35. Qc4 Qxc4 36. R1xc4 Rb8 37. Rxe5 Kf7 38. Rxd4 Nd5 39. Rc4 Ne7 40. Ree4 Kf6 41. Rxb4 Rd8 42. Red4 Nd5 43. Rb6 Ke5 44. Re4+ Kd6 45. Rxa6 Kc7 46. Ra7+ 1-0

[Event "GBR-ch110 Major Open"]
[Site "Hull"]
[Date "2024.07.29"]
[Round "3.25"]
[White "Vaidyanathan, Sathya"]
[Black "Pousada Garcia, Daniel"]
[Result "0-1"]
[WhiteElo "1844"]
[BlackElo "2084"]
[PlyCount "114"]
[EventDate "2024.07.27"]
[EventType "swiss"]
[EventRounds "9"]
[EventCountry "GBR"]
[SourceTitle "BritBase"]
[Source "John Saunders"]
[SourceDate "2025.02.20"]
[SourceVersion "1"]
[SourceVersionDate "2025.02.20"]
[SourceQuality "1"]

1. e4 c5 2. Nc3 Nc6 3. Bb5 g6 4. Bxc6 dxc6 5. d3 Bg7 6. Nge2 e5 7. O-O Be6 8. f4 Ne7 9. Be3 Qd6 10. fxe5 Bxe5 11. Bf4 O-O-O 12. Bxe5 Qxe5 13. Qd2 g5 14. Qe3 f6 15. Qg3 Ng6 16. Qxe5 fxe5 17. Rf6 Rhe8 18. g3 c4 19. Rd1 Bg4 20. Kg2 Re7 21. h3 cxd3 22. hxg4 dxe2 23. Rxd8+ Kxd8 24. Nxe2 Rd7 25. Rf2 Ke7 26. Ng1 Ke6 27. Nf3 h6 28. Rf1 Nh8 29. Rh1 Nf7 30. Kf2 a5 31. b3 b5 32. Ke3 Ra7 33. a3 c5 34. Rd1 a4 35. Rd3 axb3 36. Rxb3 Nd6 37. Nd2 Ra4 38. Kf3 Rd4 39. Rd3 c4 40. Rxd4 exd4 41. Ke2 Ke5 42. Kf3 c3 43. Nb3 Nxe4 44. Na5 Nd2+ 45. Ke2 Kd5 46. Kd3 Nf3 47. Nb3 Ne5+ 48. Ke2 Nxg4 49. Kd3 Ne5+ 50. Ke2 h5 51. Nc1 h4 52. gxh4 gxh4 53. Kf2 Ng4+ 54. Kg2 Ne3+ 55. Kh3 Nxc2 56. Kxh4 Kc4 57. a4 bxa4 0-1

[Event "GBR-ch110 Major Open"]
[Site "Hull"]
[Date "2024.07.29"]
[Round "3.26"]
[White "Crawford, Owen"]
[Black "Stephenson, David W"]
[Result "1-0"]
[WhiteElo "2010"]
[BlackElo "1836"]
[PlyCount "111"]
[EventDate "2024.07.27"]
[EventType "swiss"]
[EventRounds "9"]
[EventCountry "GBR"]
[SourceTitle "BritBase"]
[Source "John Saunders"]
[SourceDate "2025.02.20"]
[SourceVersion "1"]
[SourceVersionDate "2025.02.20"]
[SourceQuality "1"]

1. e4 e6 2. d4 d5 3. Nd2 dxe4 4. Nxe4 Nf6 5. Nxf6+ Qxf6 6. Nf3 h6 7. Bd3 Nc6 8. O-O Bd6 9. Re1 O-O 10. c3 e5 11. Be4 exd4 12. Bxc6 dxc3 13. Qc2 bxc6 14. Re3 Be6 15. Qxc3 Qg6 16. Qxc6 Qh5 17. Qc3 Rab8 18. Bd2 Rb5 19. Rae1 Bxa2 20. Qd3 Rd5 21. Qa6 Rxd2 22. Qxa2 Rd5 23. h3 Bc5 24. Re5 Rxe5 25. Rxe5 Bxf2+ 26. Kxf2 Qg6 27. Qxa7 Qc2+ 28. Re2 Qc6 29. Qd4 Rb8 30. Qc3 Qb6+ 31. Qd4 c5 32. Qe3 Qb5 33. Rc2 c4 34. Qd4 Rc8 35. Ne5 c3 36. bxc3 Qb3 37. Qd3 Qb6+ 38. Qe3 Qb3 39. Qd3 Qb6+ 40. Kf1 Rd8 41. Qf5 Qb1+ 42. Ke2 Rf8 43. Kf3 g6 44. Qe4 Qd1+ 45. Re2 Rd8 46. Kg3 Re8 47. Qf4 Qd5 48. Ng4 Qd3+ 49. Re3 Rxe3+ 50. Qxe3 Qd6+ 51. Qe5 Qd3+ 52. Kh2 Qd2 53. c4 h5 54. Nf6+ Kf8 55. c5 g5 56. Qd6+ 1-0

[Event "GBR-ch110 Major Open"]
[Site "Hull"]
[Date "2024.07.29"]
[Round "3.27"]
[White "Adams, Henry"]
[Black "May, Paul"]
[Result "1-0"]
[WhiteElo "2000"]
[BlackElo "1827"]
[PlyCount "113"]
[EventDate "2024.07.27"]
[EventType "swiss"]
[EventRounds "9"]
[EventCountry "GBR"]
[SourceTitle "BritBase"]
[Source "John Saunders"]
[SourceDate "2025.02.20"]
[SourceVersion "1"]
[SourceVersionDate "2025.02.20"]
[SourceQuality "1"]

1. d4 g6 2. e4 Bg7 3. Nc3 a6 4. h4 h5 5. Be3 b5 6. Qd2 Bb7 7. f3 d6 8. O-O-O Nd7 9. Kb1 Ngf6 10. Nh3 c6 11. Nf2 Qc7 12. g4 O-O-O 13. g5 Nh7 14. f4 e6 15. f5 e5 16. f6 Ndxf6 17. gxf6 Bxf6 18. d5 c5 19. Nd3 Qe7 20. Qf2 g5 21. hxg5 Nxg5 22. a3 Kb8 23. Be2 Bc8 24. Rdf1 Bg7 25. Qg2 f6 26. Bxh5 Rh7 27. Bg4 Rdh8 28. Bxc8 Kxc8 29. Rxh7 Rxh7 30. Rh1 Rxh1+ 31. Qxh1 Nf7 32. Qh3+ Kd8 33. b4 Ng5 34. Qf5 c4 35. Bb6+ Ke8 36. Nf2 Qd7 37. Qxd7+ Kxd7 38. Nfd1 Nf3 39. Ne3 Bh6 40. Nf5 Bd2 41. Kb2 Ng5 42. Ng3 Be1 43. Nce2 Nf3 44. Be3 c3+ 45. Kc1 Bd2+ 46. Bxd2 Nxd2 47. Nxc3 Nc4 48. a4 bxa4 49. Nxa4 Ne3 50. Kd2 Ng4 51. c4 Kc7 52. c5 Nh6 53. Nf5 Nf7 54. cxd6+ Nxd6 55. Nxd6 Kxd6 56. Nc5 a5 57. Nb7+ 1-0